000 00955nam a22002777a 4500
001 2697
005 20240110101440.0
020 _a076783002500
040 _aFISKH
_beng
_cFISKH
_dFISKH
050 _aPZ7.S96915
082 _a813.54
100 _aSuzanne, Jamie
245 _aTeacher's pet /
_cSweet Valley Twins ; Written by Jamie Suzanne ; Created by Francine Pascal
260 _aNew York :
_bBantam Books,
_c1986
300 _a103 pages :
_c20cm
490 _aSweet Valley Twins ;
_vBook 2
505 _aF
520 _aElizabeth and Jessica Wakefield, twin sisters and the best dancers in their ballet class, both want to dance the solo in the class recital; but Jessica is convinced Elizabeth will get it because she is the teacher's pet.
521 _a390
_bLexile
521 _aF
_bRaz-Plus
650 _aDance
650 _aDance Performance
650 _aSchool Recital
700 _aPascal, Francine
_eCreator
942 _2ddc
_cBK
_n0
999 _c2697
_d2697